UBT Library

The arts and crafts computer : (Record no. 44297)

000 -LEADER
fixed length control field 00864cam a2200265 a 4500
001 - CONTROL NUMBER
control field 12630058
005 - DATE AND TIME OF LATEST TRANSACTION
control field 20180307071750.0
008 - FIXED-LENGTH DATA ELEMENTS--GENERAL INFORMATION
fixed length control field 011227s2002 caua b 001 0 eng c
010 ## - LIBRARY OF CONGRESS CONTROL NUMBER
LC control number 2001279239
015 ## - NATIONAL BIBLIOGRAPHY NUMBER
National bibliography number GBA1-X7105
020 ## - INTERNATIONAL STANDARD BOOK NUMBER
International Standard Book Number 0201734826
035 ## - SYSTEM CONTROL NUMBER
System control number (OCoLC)ocm46984443
040 ## - CATALOGING SOURCE
Original cataloging agency UKM
Transcribing agency UKM
Modifying agency OCLCQ
-- IXA
-- TXA
-- DLC
041 ## - LANGUAGE CODE
Language code of text/sound track or separate title eng
042 ## - AUTHENTICATION CODE
Authentication code pcc
080 ## - UNIVERSAL DECIMAL CLASSIFICATION NUMBER
Universal Decimal Classification number 745.0285 ASHF
082 00 - DEWEY DECIMAL CLASSIFICATION NUMBER
Classification number 745.0285 ASHF
Edition number 21
100 1# - Rafti
Rafti 44
101 ## - Shkurtesa
Shkurtesa ART
245 14 - TITLE STATEMENT
Title The arts and crafts computer :
Statement of responsibility, etc Janet Ashford.
504 ## - BIBLIOGRAPHY, ETC. NOTE
Bibliography, etc Includes bibliographical references (p. [134]-139) and index.
906 ## - LOCAL DATA ELEMENT F, LDF (RLIN)
a 7
b cbc
c pccadap
d 2
e ncip
f 20
g y-gencatlg
942 ## - ADDED ENTRY ELEMENTS (KOHA)
Source of classification or shelving scheme
Item type Books
Holdings
Withdrawn status Lost status Source of classification or shelving scheme Damaged status Not for loan Collection code Permanent location Current location Shelving location Date acquired Total Checkouts Full call number Barcode Date last seen Price effective from Koha item type
          Koleksioni i përgjithshem UBT - Lipjan UBT - Lipjan Koleksioni i përgjithshem 03/07/2018   745.0285 ASHF 002-3000682 03/07/2018 03/07/2018 Books
UBT Library © 2015-2024. All rights reserved University Education for Business and Technology